| 000 | 01133nam a2200277Ia 4500 | ||
|---|---|---|---|
| 999 |
_c52521 _d52521 |
||
| 001 | 19545 | ||
| 003 | GE_BSU | ||
| 005 | 20200227162713.0 | ||
| 008 | 181216s1986||||ge |||||||||||||| ||geo|| | ||
| 040 | _cGE_BSU | ||
| 041 | _ageo | ||
| 080 | _a81(479.22)(092) ლ-46 | ||
| 100 |
_aლეჟავა, ლ. _95515 |
||
| 245 |
_aივანე გიგინეიშვილი : _b[ენათმეცნიერი] / _cლეჟავა, ლ. ; მხატ. გ. ლომიძე |
||
| 264 |
_aთბილისი : _bმეცნიერება, _c1986 |
||
| 300 |
_a102 გვ. : _bილ., 1ფ. პორტრ. ; _c21 სმ. |
||
| 300 | _b | ||
| 504 | _aბიბლიოგრ. : გვ. 99-101 | ||
| 520 | _aრეზიუმე რუსულ ენაზე | ||
| 541 | _h1ლ.60თ. | ||
| 653 | _aქართველი ენათმეცნიერები | ||
| 653 | _aქართული ენა | ||
| 700 |
_aლომიძე, გ. _eმხატვრული _97583 |
||
| 710 |
_aენათმეცნიერების ინ-ტი _97584 |
||
| 942 |
_cBK _2udc |
||